Name All Twenty One Pilots and Tyler Joseph Songs - Statistics

General Stats
  • This quiz has been taken 218 times
  • The average score is 47 of 70
Answer Stats
Album Song % Correct
Stressed Out
91%
House Of Gold
87%
Blurryface Ride
87%
Trees
87%
Trees
87%
Trees
87%
Heavydirtysoul
86%
Holding Onto You
86%
Car Radio
84%
Car Radio
84%
Ode To Sleep
83%
Vessel Ode To Sleep
83%
Migraine
82%
Ruby
80%
Tear In My Heart
80%
Goner
79%
Regional At Best Guns For Hands
79%
Guns For Hands
79%
Polarize
79%
Forest
78%
The Judge
78%
Lovely
77%
Doubt
76%
Fairly Local
76%
Truce
76%
Addict With A Pen
74%
Fake You Out
74%
Johnny Boy
74%
Kitchen Sink
74%
Not Today
74%
Screen
74%
Taxi Cab
74%
Friend, Please
73%
Hometown
73%
Isle of Flightless Birds
73%
Message Man
73%
Fall Away
72%
Twenty One Pilots Implicit Demand for Proof
72%
Trapdoor
72%
We Don't Believe What's on TV
72%
Lane Boy
71%
Glowing Eyes
70%
Oh Ms. Believer
70%
Semi-Automatic
70%
The Pantaloon
70%
Drown
68%
Slowtown
68%
The Run And Go
68%
A Car, a Torch, a Death
67%
Anathema
67%
March To The Sea
66%
Before You Start Your Day
65%
Air Catcher
64%
Be Concerned
62%
Clear
61%
TB Saga
53%
Save
45%
Hole In The Ground
43%
Prove Me Wrong
41%
Taken By Sleep
41%
Just Like Yesterday
39%
Falling Too
37%
Tonight
37%
Hear Me Now
33%
Never Change
32%
Whisper
32%
Where Did We Go
31%
Realize That It's Gone
30%
I Want To Know
28%
No Phun Intended Blasphamy
15%
No matching quizzes found
Score Distribution
Percent of People with Each Score
Percentile by Number Answered
Your Score History
You have not taken this quiz